[Event "Ho Chi Minh City HD Bank op 7th"]
[Site "Ho Chi Minh City"]
[Date "2017.03.14"]
[Round "4"]
[White "Swati, Ghate"]
[Black "Abhishek, K."]
[Result "0-1"]
[WhiteElo "2254"]
[BlackElo "2381"]
[PlyCount "78"]
[EventDate "2017.03.12"]
[EventType "swiss"]
[EventRounds "9"]
[EventCountry "VIE"]
[SourceTitle "CBM 177 Extra"]
[Source "ChessBase"]
[SourceDate "2017.04.27"]
[SourceVersion "1"]
[SourceVersionDate "2017.04.27"]
[SourceQuality "1"]

1. e4 c6 2. Nc3 d5 3. Nf3 dxe4 4. Nxe4 Nf6 5. Ng3 g6 6. d4 Bg7 7. Bc4 Nd5 8. h3 0-0 9. 0-0 a5 10. a4 Nc7 11. Re1 Be6 12. Bf1 Bd5 13. Ne5 Nd7 14. c4 Nxe5 15. dxe5 Be6 16. Qb3 Rb8 17. Bg5 Na6 18. f4 f6 19. exf6 exf6 20. Rad1 Qc7 21. f5 fxg5 22. fxe6 Nc5 23. Qe3 Qe7 24. Ne4 Nxe4 25. Qxe4 Rbd8 26. b3 Bc3 27. Rxd8 Rxd8 28. Rc1 Bd4+ 29. Kh1 Bc5 30. Be2 Rd6 31. Bg4 Rd4 32. Qe5 h5 33. Rd1 Rd6 34. Qe4 Qf6 35. Re1 Rd4 36. Qf3 Rf4 37. Qe2 hxg4 38. e7 Bxe7 39. Qxe7 Rf1+ 0-1

[Event "Ho Chi Minh City HD Bank op 7th"]
[Site "Ho Chi Minh City"]
[Date "2017.03.12"]
[Round "1"]
[White "Abhishek, K."]
[Black "Cheparinov, Ivan"]
[Result "0-1"]
[WhiteElo "2381"]
[BlackElo "2698"]
[PlyCount "148"]
[EventDate "2017.03.12"]
[EventType "swiss"]
[EventRounds "9"]
[EventCountry "VIE"]
[SourceTitle "CBM 177 Extra"]
[Source "ChessBase"]
[SourceDate "2017.04.27"]
[SourceVersion "1"]
[SourceVersionDate "2017.04.27"]
[SourceQuality "1"]

1. d4 f5 2. Bg5 g6 3. Nc3 Bg7 4. e3 Nf6 5. Bc4 e6 6. h4 h6 7. Bxf6 Qxf6 8. Qf3 a6 9. Nge2 Nc6 10. Qg3 d6 11. 0-0-0 0-0 12. Nf4 Ne7 13. Qf3 c6 14. Bb3 b5 15. g4 fxg4 16. Qxg4 d5 17. Rdg1 a5 18. a4 b4 19. Nd1 e5 20. dxe5 Qxe5 21. Nxg6 Bxg4 22. Nxe5 Be6 23. e4 Kh7 24. Nxc6 Nxc6 25. exd5 Nd4 26. dxe6 Ne2+ 27. Kd2 Nxg1 28. Rxg1 Rf4 29. h5 Rf5 30. Bc4 Rxh5 31. f4 Rd8+ 32. Bd3+ Kh8 33. Re1 Bf6 34. b3 Rh4 35. Ke3 Kg7 36. Kf3 Kf8 37. Ne3 Rd4 38. Ng4 Be7 39. Kg3 Rh5 40. Re2 Bd6 41. Rf2 Rg5 42. Kh4 Rxf4 43. Rxf4+ Bxf4 44. Nxh6 Re5 45. Nf5 Rxe6 46. Kg4 Bd2 47. Nd4 Rd6 48. Nf3 Bc3 49. Kf4 Ke7 50. Ne5 Bxe5+ 51. Kxe5 Kd7 52. Be4 Kc7 53. Bd5 Rh6 54. Be4 Kb6 55. Kd5 Rh4 56. Kd4 Rg4 57. Kd5 Kc7 58. Ke5 Rh4 59. Kd5 Kb6 60. Kd4 Rh8 61. Kd5 Rd8+ 62. Kc4 Rc8+ 63. Kd4 Rc5 64. Bd3 Kc6 65. Bc4 Rh5 66. Bd3 Rh4+ 67. Be4+ Kd6 68. Ke3 Ke5 69. Bb7 Rh3+ 70. Bf3 Rg3 71. Kf2 Kf4 72. Be2 Rh3 73. Bf1 Rh2+ 74. Bg2 Rxg2+ 0-1

[Event "Palic Karadzic Memorial op"]
[Site "Palic"]
[Date "2016.11.03"]
[Round "8"]
[White "Faizrakhmanov, Ramil"]
[Black "Abhishek, K."]
[Result "1-0"]
[WhiteElo "2422"]
[BlackElo "2387"]
[PlyCount "69"]
[EventDate "2016.10.29"]
[EventType "swiss"]
[EventRounds "9"]
[EventCountry "SRB"]
[SourceTitle "CBM 175 Extra"]
[Source "ChessBase"]
[SourceDate "2016.12.12"]
[SourceVersion "1"]
[SourceVersionDate "2016.12.12"]
[SourceQuality "1"]

1. d4 Nf6 2. c4 e6 3. Nf3 Bb4+ 4. Bd2 c5 5. Bxb4 cxb4 6. g3 b6 7. a3 bxa3 8. Rxa3 Bb7 9. Bg2 0-0 10. 0-0 Qc7 11. Nbd2 d6 12. Qc2 Rc8 13. Raa1 Nbd7 14. Rac1 h6 15. Rfd1 b5 16. Qb1 Qb6 17. b4 a5 18. c5 Qa6 19. e4 e5 20. bxa5 dxc5 21. dxe5 Ng4 22. Nb3 Rc7 23. h3 Ngxe5 24. Nxe5 Nxe5 25. Nxc5 Qxa5 26. Nxb7 Rxb7 27. f4 Qb6+ 28. Kh2 Nc4 29. e5 g5 30. Rxc4 bxc4 31. Qxb6 Rxb6 32. Bxa8 Rb2+ 33. Bg2 c3 34. Rc1 Rf2 35. Kg1 1-0

[Event "Palic Karadzic Memorial op"]
[Site "Palic"]
[Date "2016.11.01"]
[Round "5"]
[White "Abhishek, K."]
[Black "Zubov, Alexander"]
[Result "1/2-1/2"]
[WhiteElo "2387"]
[BlackElo "2613"]
[PlyCount "106"]
[EventDate "2016.10.29"]
[EventType "swiss"]
[EventRounds "9"]
[EventCountry "SRB"]
[SourceTitle "CBM 175 Extra"]
[Source "ChessBase"]
[SourceDate "2016.12.12"]
[SourceVersion "1"]
[SourceVersionDate "2016.12.12"]
[SourceQuality "1"]

1. d4 Nf6 2. Nf3 g6 3. c4 Bg7 4. Nc3 d5 5. Qb3 dxc4 6. Qxc4 Be6 7. Qa4+ Bd7 8. Qa3 Bc6 9. e3 Nbd7 10. Be2 0-0 11. 0-0 Nd5 12. Rd1 e6 13. Bd2 a6 14. Rac1 f5 15. Nxd5 Bxd5 16. Bc4 c6 17. Qb3 Qb6 18. Bb4 Rfe8 19. Qc3 Qc7 20. a4 a5 21. Ba3 Bxf3 22. gxf3 Nb6 23. f4 Qd7 24. Qb3 Nxc4 25. Qxc4 b5 26. Qxc6 Qxc6 27. Rxc6 b4 28. Bxb4 axb4 29. b3 Kf7 30. Kf1 h6 31. Ke2 g5 32. fxg5 hxg5 33. d5 g4 34. f3 gxf3+ 35. Kxf3 Be5 36. h4 Ra5 37. dxe6+ Rxe6 38. Rd7+ Kf6 39. Rxe6+ Kxe6 40. Rb7 Bd6 41. h5 Ra8 42. h6 Rh8 43. h7 Be7 44. Rb6+ Kf7 45. Rh6 Bg5 46. Rh1 Kg6 47. a5 Bh6 48. Rh4 Rxh7 49. Rxb4 Ra7 50. Rb6+ Kh5 51. Rb5 Kg6 52. Rb6+ Kh5 53. Rb5 Kg6 1/2-1/2

[Event "Palic Karadzic Memorial op"]
[Site "Palic"]
[Date "2016.10.30"]
[Round "2"]
[White "Baglan, Esat"]
[Black "Abhishek, K."]
[Result "1/2-1/2"]
[WhiteElo "2225"]
[BlackElo "2387"]
[PlyCount "69"]
[EventDate "2016.10.29"]
[EventType "swiss"]
[EventRounds "9"]
[EventCountry "SRB"]
[SourceTitle "CBM 175 Extra"]
[Source "ChessBase"]
[SourceDate "2016.12.12"]
[SourceVersion "1"]
[SourceVersionDate "2016.12.12"]
[SourceQuality "1"]

1. e4 c6 2. d4 d5 3. Nc3 dxe4 4. Nxe4 Bf5 5. Ng3 Bg6 6. h4 h6 7. Nf3 Nd7 8. h5 Bh7 9. Bd3 Bxd3 10. Qxd3 e6 11. Bd2 Ngf6 12. 0-0-0 Be7 13. Kb1 Rc8 14. Ne4 c5 15. Nxf6+ Bxf6 16. dxc5 Nxc5 17. Qxd8+ Rxd8 18. Be3 Rc8 19. Nd2 Ke7 20. Bxc5+ Rxc5 21. Ne4 Re5 22. f3 Rc8 23. Rd3 Rc7 24. g4 Bg5 25. Rhd1 f5 26. Nxg5 hxg5 27. b3 fxg4 28. fxg4 Re4 29. Rd4 Rf4 30. c4 Kf6 31. Kb2 Rxd4 32. Rxd4 Ke5 33. Kc3 Rf7 34. c5 a6 35. b4 1/2-1/2

[Event "Palic Karadzic Memorial op"]
[Site "Palic"]
[Date "2016.10.29"]
[Round "1"]
[White "Abhishek, K."]
[Black "Ilic, Slobodan S2222"]
[Result "1-0"]
[WhiteElo "2387"]
[BlackElo "2026"]
[PlyCount "63"]
[EventDate "2016.10.29"]
[EventType "swiss"]
[EventRounds "9"]
[EventCountry "SRB"]
[SourceTitle "CBM 175 Extra"]
[Source "ChessBase"]
[SourceDate "2016.12.12"]
[SourceVersion "1"]
[SourceVersionDate "2016.12.12"]
[SourceQuality "1"]

1. d4 Nf6 2. Nf3 e6 3. c4 d5 4. Nc3 Be7 5. Bf4 0-0 6. e3 b6 7. cxd5 Nxd5 8. Nxd5 exd5 9. Bd3 c5 10. 0-0 Bb7 11. Qc2 h6 12. Rfd1 Nd7 13. Bh7+ Kh8 14. Bf5 Nf6 15. Ne5 c4 16. b3 b5 17. Rab1 cxb3 18. Rxb3 Qb6 19. Rc1 a5 20. Qc7 Rac8 21. Bxc8 Rxc8 22. Qxc8+ Bxc8 23. Rxc8+ Kh7 24. Nxf7 b4 25. Rh8+ Kg6 26. Ne5+ Kf5 27. h3 a4 28. Rb1 h5 29. Rc1 b3 30. axb3 Qxb3 31. Rc6 Qb4 32. Rxh5+ 1-0